00449nam a2200181Ia 4500003000900000008004100009040001300050040001300063041000800076100001900084245009900103250001100202260001700213260000900230300001000239300001200249490000600261IT-RoPAU120407s9999 xx 000 0 und d aIT-RoPAU cIT-RoPAU aita aAmedeo Cencini aLa comunità€ religiosa apostolica oggi. Assemblea annuale USMI triveneta: 10-11 dicembre 1985 aPadova aPresbyterium c1985 a58 p. c20,5 cm v1